[Event "Asia Clubs 1st"]
[Site "Al Ain"]
[Date "2008.12.25"]
[Round "1"]
[White "Jung, Ho Jin"]
[Black "Roghani, Arash"]
[Result "1-0"]
[WhiteElo "1851"]
[BlackElo "2373"]
[PlyCount "57"]
[EventDate "2008.12.25"]
[EventType "team"]
[EventRounds "7"]
[EventCountry "UAE"]
[SourceTitle "CBM 127 Extra"]
[Source "ChessBase"]
[SourceDate "2009.01.08"]
[SourceVersion "2"]
[SourceVersionDate "2009.01.28"]
[SourceQuality "1"]

1. e4 e6 2. Nf3 d5 3. Nc3 Nf6 4. e5 Nfd7 5. d4 c5 6. dxc5 Nc6 7. Bf4 Bxc5 8. Bd3 f6 9. exf6 Nxf6 10. Qe2 0-0 11. 0-0-0 a6 12. Kb1 Qe8 13. Ne5 Nh5 14. Bg3 Nf4 15. Bxf4 Rxf4 16. Rhf1 Bd6 17. g3 Rf8 18. f4 Nxe5 19. fxe5 Bc5 20. Qg4 b5 21. Ne2 Rxf1 22. Rxf1 Ra7 23. Nf4 Rf7 24. Rf3 Bf8 25. h4 b4 26. h5 Kh8 27. Bg6 Kg8 28. Bxf7+ Qxf7 29. Ng6 1-0

[Event "WMSG Rapid Team 1st"]
[Site "Beijing"]
[Date "2008.10.14"]
[Round "2"]
[White "Jung, Ho Jin"]
[Black "Martyn, Rafe"]
[Result "0-1"]
[WhiteElo "1851"]
[BlackElo "2293"]
[PlyCount "118"]
[EventDate "2008.10.14"]
[EventType "team (rapid)"]
[EventRounds "9"]
[EventCountry "CHN"]
[SourceTitle "CBM 126 Extra"]
[Source "ChessBase"]
[SourceDate "2008.11.05"]
[SourceVersion "1"]
[SourceVersionDate "2008.11.05"]
[SourceQuality "1"]

1. e4 d5 2. exd5 Qxd5 3. Nc3 Qa5 4. d4 Nf6 5. Nf3 c6 6. Be2 Bf5 7. Bd2 Qb6 8. Na4 Qc7 9. b3 Nbd7 10. c4 e6 11. 0-0 Bd6 12. Nb2 e5 13. c5 Be7 14. b4 0-0 15. Nc4 e4 16. Nfe5 Nd5 17. Nxd7 Bxd7 18. Ne3 f5 19. Nxd5 cxd5 20. f3 Bf6 21. Bc1 Be6 22. fxe4 fxe4 23. Bf4 Bxd4+ 24. Qxd4 Rxf4 25. a4 Rc8 26. Rac1 Rxf1+ 27. Bxf1 Qf4 28. Rd1 Qf6 29. Qe3 Qb2 30. Qe1 a5 31. b5 Rxc5 32. Qxa5 Rc8 33. Qb6 Re8 34. Qxb7 e3 35. Qc6 Bf7 36. Bd3 Qf2+ 37. Kh1 e2 38. Bxe2 Qxe2 39. Rg1 d4 40. b6 d3 41. b7 d2 42. Qd6 d1Q 43. Qxd1 Qxd1 44. Rxd1 Bd5 45. h3 Bxb7 46. Rd2 Ra8 47. Kh2 Bc6 48. a5 Rxa5 49. Rc2 Bd5 50. Rc8+ Kf7 51. Rc7+ Kf6 52. Rc2 Ra2 53. Rxa2 Bxa2 54. Kg3 Kg5 55. Kf2 Kf4 56. g3+ Ke4 57. g4 Kf4 58. Kg2 g5 59. Kh2 Ke5 0-1

[Event "WMSG Rapid Team 1st"]
[Site "Beijing"]
[Date "2008.10.14"]
[Round "1"]
[White "Jung, Ho Jin"]
[Black "Sadorra, Julio Catalino"]
[Result "0-1"]
[WhiteElo "1851"]
[BlackElo "2431"]
[PlyCount "98"]
[EventDate "2008.10.14"]
[EventType "team (rapid)"]
[EventRounds "9"]
[EventCountry "CHN"]
[SourceTitle "CBM 126 Extra"]
[Source "ChessBase"]
[SourceDate "2008.11.05"]
[SourceVersion "1"]
[SourceVersionDate "2008.11.05"]
[SourceQuality "1"]

1. e4 e6 2. d4 d5 3. e5 c5 4. c3 Qb6 5. Nf3 Nc6 6. a3 Nh6 7. b4 cxd4 8. cxd4 Nf5 9. Bb2 Bd7 10. Be2 Be7 11. g4 Nh6 12. h3 f6 13. Nbd2 fxe5 14. dxe5 0-0 15. 0-0 Rf4 16. Nb3 Raf8 17. Bc1 R4f7 18. Be3 Qc7 19. Rc1 Qb8 20. Bd4 Rf4 21. Be3 Rxf3 22. Bxf3 Qxe5 23. Bg2 Bd6 24. Re1 Qh2+ 25. Kf1 Ne7 26. Nd4 Bb8 27. a4 Qd6 28. b5 e5 29. Nc2 d4 30. Nxd4 exd4 31. Bxd4 b6 32. Qb3+ Nf7 33. Be5 Qxe5 34. Rxe5 Bxe5 35. Bc6 Bc8 36. Bg2 Bd6 37. Rd1 Bc5 38. f3 Kh8 39. Qc3 Ng5 40. a5 Ne4 41. Qc2 Ng5 42. axb6 axb6 43. Qe2 Ng6 44. Bh1 Bb7 45. Rd3 Nf4 46. Qd2 Nxd3 47. Qxd3 Nxf3 48. Bxf3 Rxf3+ 49. Qxf3 Bxf3 0-1